Sócrates esta enamorado : (Registro nro. 7261)

Detalles MARC
000 -CABECERA
Longitud fija campo de control 01266nam a2200253 4500
003 - • IDENTIFICADOR DELl NÚMERO DE CONTROL
Identificador del número de control CO-ViMGA
020 ## - • NÚMERO INTERNACIONAL NORMALIZADO PARA LIBROS
Número Internacional Normalizado para Libros (ISBN) 9789583040801
040 ## - FUENTE DE LA CATALOGACIÓN
Centro catalogador de origen CO-ViMGA
Lengua de catalogación spa
Centro transcriptor CO-ViMGA
082 04 - • NÚMERO DE LA CLASIFICACIÓN DECIMAL DEWEY
Número de clasificación (R) 183.2
Número del ítem M64s
100 1# - • PUNTO DE ACCESO PRINCIPAL-NOMBRE DE PERSONA
Nombre de persona Mokaddem, Salim
245 10 - • TITULO PROPIAMENTE DICHO
Título Sócrates esta enamorado :
Resto del título (a partir de el banquete de Platón) /
Mención de responsabilidad, etc. Salim Mokaddem ; ilustrado por Yann Le Bras ; traducción Cristina Ramos ; edición César A. Cardozo tovar
300 ## - • DESCRIPCIÓN FÍSICA
Extensión 63 páginas :
Otras características físicas ilustraciones en color ; 21 cm
500 ## - • NOTA GENERAL
Nota general Incluye datos biográficos del autor y el ilustrador
520 ## - • NOTA DE RESUMEN
Resumen, etc, "Esta noche, los más brillantes oradores de Atenas se reúnen para un banquete. Allá están el poeta Aristófanes, el médico Erixímaco, el artista Fedro y, por supuesto, Sócrates, el filósofo malicioso. Una profunda pregunta es hecha: ¿qué es el amor?".
600 ## - • PUNTO DE ACCESO ADICIONAL DE MATERIA - NOMBRE DE PERSONA
Nombre de persona Socrates
Fechas asociadas al nombre 470-399 a.c
Subdivisión de forma (R ) Biografías
650 14 - • PUNTO DE ACCESO ADICIONAL DE MATERIA - TÉRMINO DE MATERIA
Término de materia o nombre geográfico como elemento inicial Amor
Subdivisión de materia general Literatura infanti
650 14 - • PUNTO DE ACCESO ADICIONAL DE MATERIA - TÉRMINO DE MATERIA
Término de materia o nombre geográfico como elemento inicial Filosofía griega
Subdivisión de materia general Literatura infantil
650 14 - • PUNTO DE ACCESO ADICIONAL DE MATERIA - TÉRMINO DE MATERIA
Término de materia o nombre geográfico como elemento inicial Filósofos griegos
Subdivisión de materia general Literatura infantil
700 1# - • PUNTO DE ACCESO ADICIONAL - NOMBRE DE PERSONA
Nombre de persona Cardozo Tovar, César,
Término indicativo de función ed.
700 1# - • PUNTO DE ACCESO ADICIONAL - NOMBRE DE PERSONA
Nombre de persona Le Bras, Yann,
Término indicativo de función il.
700 1# - • PUNTO DE ACCESO ADICIONAL - NOMBRE DE PERSONA
Nombre de persona Ramos, Cristina,
Término indicativo de función tr.
942 ## - ENTRADA DE ELEMENTOS AGREGADOS (KOHA)
Fuente de clasificaión o esquema Dewey Decimal Classification
Koha [por defecto] tipo de item LIbro
Existencias
Perdido Fuente de clasificación o esquema Estado Físico No para préstamo Localización permanente Localización actual Fecha adquisición Coste, precio normal de compra Préstamos totales Signatura completa Código de barras Fecha última consulta Fecha del precio de reemplazo Tipo de item de Koha Forma de adquisición Localización en estanterías Número de copia Note pública
        Biblioteca Pública Departamental Eduardo Carranza - Villavicencio Biblioteca Pública Departamental Eduardo Carranza - Villavicencio 06/25/2021     C MOK1 ECA27909 11/26/2024 11/26/2024 LIbro Literatura General Literatura Ej.1 20897 | 26874
  Dewey Decimal Classification     Biblioteca Pública Germán Arciniegas - Villavicencio Biblioteca Pública Germán Arciniegas - Villavicencio 02/28/2020 28877.00   183.2 M64s 32143 02/28/2020 02/28/2020 LIbro        
  Dewey Decimal Classification     Biblioteca Pública Germán Arciniegas - Villavicencio Biblioteca Pública Germán Arciniegas - Villavicencio 02/28/2020 28877.00   183.2 M64s 32144 02/28/2020 02/28/2020 LIbro        









Instituto Departamental de Cultura del Meta - Red Departamental de Bibliotecas Públicas del Meta.